000 02067cam a2200505 i 4500
999 _c2157
_d2157
001 19076752
003 OSt
005 20230314082849.0
008 160420s2016 nyuab j 000 1 eng d
010 _a 2016939443
020 _a9781481485661 (paperback)
035 _a(OCoLC)ocn942707429
040 _aYDXCP
_beng
_cYDXCP
_erda
_dBTCTA
_dOCLCQ
_dSINLB
_dCNEDM
_dOCLCO
_dOCLCF
_dDLC
_dKH8
042 _alccopycat
082 0 4 _aFIC PER
_223
100 1 _aPerelman, Helen,
_eauthor.
240 1 0 _aNovels.
_kSelections
245 1 0 _aCandy fairies :
_b3-books-in-1!
_n#2 /
_cHelen Perelman ; illustrated by Erica-Jane Waters.
250 _aAladdin paperback edition.
264 1 _aNew York :
_bAladdin,
_c2016.
300 _a312 pages :
_billustrations, map ;
_c20 cm
336 _atext
_2rdacontent
337 _aunmediated
_2rdamedia
338 _avolume
_2rdacarrier
500 _aFirst work originally published: New York : Aladdin, 2010. 2nd work originally published: New York : Aladdin, 2011. 3rd work originally published: New York : Aladdin, 2011.
505 0 _aCool mint -- Magic hearts -- The Sugar Ball.
520 _aCollects three adventures of the Candy Fairies, featuring Dash the Mint Fairy, Berry the Fruit Fairy, and Cocoa the Chocolate Fairy.
521 1 _aAges 7-10.
650 0 _aFairies
_vJuvenile fiction.
650 0 _aCandy
_vJuvenile fiction.
650 1 _aFairies
_vFiction.
650 1 _aCandy
_vFiction.
650 7 _aCandy.
_2fast
_0(OCoLC)fst00845678
650 7 _aFairies.
_2fast
_0(OCoLC)fst00919878
655 7 _aFiction.
_2fast
_0(OCoLC)fst01423787
655 7 _aJuvenile works.
_2fast
_0(OCoLC)fst01411637
700 1 _aWaters, Erica-Jane,
_eillustrator.
700 1 2 _aPerelman, Helen.
_tCool mint.
700 1 2 _aPerelman, Helen.
_tMagic hearts.
700 1 2 _aPerelman, Helen.
_tSugar Ball.
906 _a7
_bcbc
_ccopycat
_d2
_encip
_f20
_gy-gencatlg
942 _2ddc
_cFIC